| 000 | 00674nam a2200217Ia 4500 | ||
|---|---|---|---|
| 003 | GCL | ||
| 008 | 140319s9999 xx 000 0 eng d | ||
| 040 |
_aGCL / _cGCL |
||
| 082 | 0 | 4 |
_a963 _bW P |
| 100 | 1 | _aWOODWARD, PETER | |
| 245 | 1 | 0 |
_aTHE HORN OF AFRICA: POLITICS AND INTERNATIONAL RELATIONS / _cWOODWARD, PETER |
| 260 |
_a[S.N] : _bI.B. TAURIS & CO LTD ، _c1996 |
||
| 300 | _a226 P | ||
| 650 | 0 | 4 | _aSUDAN - HISTORY - CIVIL WAR |
| 650 | 0 | 4 | _aSOMALI - POLITICS AND GOVERNMENT |
| 650 | 0 | 4 | _aSUDAN - POLITICS AND GOVERNMENT |
| 650 | 0 | 4 | _aETHIOPIA - REVOLUTION, 1974 |
| 650 | 0 | 4 | _aERITREA - HISTORY |
| 650 | 0 | 4 | _aERITREA - POLITICS AND GOVERNMENT |
| 942 |
_2ddc _cBK |
||
| 999 |
_c14084 _d14084 |
||